Great Sanskrit plays / (Record no. 143263)

MARC details
000 -LEADER
fixed length control field 00647nam a22001937a 4500
005 - DATE AND TIME OF LATEST TRANSACTION
control field 20170811111926.0
008 - FIXED-LENGTH DATA ELEMENTS--GENERAL INFORMATION
fixed length control field 170811b xxu||||| |||| 00| 0 eng d
020 ## - INTERNATIONAL STANDARD BOOK NUMBER
International Standard Book Number 9788184820331
Terms of availability 150.00
035 ## - SYSTEM CONTROL NUMBER
System control number B-664769
037 ## - SOURCE OF ACQUISITION
Stock number dpl
Source of stock number/acquisition Star/ven
040 ## - CATALOGING SOURCE
Original cataloging agency dpl
Language of cataloging EN
082 ## - DEWEY DECIMAL CLASSIFICATION NUMBER
Classification number S
245 ## - TITLE STATEMENT
Title Great Sanskrit plays /
Statement of responsibility, etc edited by Anand Pai
260 ## - PUBLICATION, DISTRIBUTION, ETC. (IMPRINT)
Place of publication, distribution, etc Mumbai
Name of publisher, distributor, etc Amar Chitra Katha
Date of publication, distribution, etc 2013
300 ## - PHYSICAL DESCRIPTION
Extent Various pagings
Dimensions 26cm(pbk)
700 ## - ADDED ENTRY--PERSONAL NAME
Personal name Pai, Anand
942 ## - ADDED ENTRY ELEMENTS (KOHA)
Source of classification or shelving scheme Dewey Decimal Classification
Item type Children Books
Classification part S
Call number suffix GRE
Holdings
Withdrawn status Lost status Source of classification or shelving scheme Damaged status Not for loan Collection code Home library Current library Date acquired Source of acquisition Cost, normal purchase price Total Checkouts Full call number Barcode Date last seen Copy number Cost, replacement price Koha item type
    Dewey Decimal Classification     Fiction Ashok Vihar Ashok Vihar 11/08/2017 BPPD/CH/EN/2016-17/AV/16-17/447/15.2.2017/2253/25.2.2017/ 6.3.2017 150.00 4 S GRE B-664769 13/09/2024 1 150.00 Children Books

© Delhi Public Library
Hit Counter
free hit counter